| 000 | 00855nam a22002897a 4500 | ||
|---|---|---|---|
| 003 | CHAP | ||
| 005 | 20220329135841.0 | ||
| 008 | 971013s1981 r 00010 d | ||
| 010 | _a43268 | ||
| 011 | _a44240 | ||
| 035 | _a48378 | ||
| 040 | _cCHAP | ||
| 082 |
_a519.5 _bF74 1981 |
||
| 100 | 0 | 0 |
_aFreund, John E. _943255 |
| 245 | _aStatistics; a first course | ||
| 250 | _a3 ed. | ||
| 260 |
_aEnglewood Cliffs, N.J. : _bPrentice Hall, _c1981 |
||
| 300 |
_a466 p. _b: ilus. ; gráfs. |
||
| 590 |
_aBATCH-UPD _b10 _c20130110 _lUCH01 _h2106 |
||
| 590 |
_aBATCH-UPD _b10 _c20130410 _lUCH01 _h1417 |
||
| 590 |
_aBATCH-UPD _b10 _c20130914 _lUCH01 _h1324 |
||
| 590 |
_aCONVERSION _b10 _c20130109 _lUCH01 _h1324 |
||
| 650 | 1 | 4 |
_aEstadística. _938241 |
| 901 | _aBK | ||
| 942 | _cLIBRO | ||
| 949 |
_a519.5 F74 1981 _bBC _cLIBRO _d33724000410569 _eLIBRO _h58022 _i48378 _si |
||
| 999 |
_c43268 _d43268 |
||